000 00444nam a2200157 i 4500
001 142982
003 ES-MaACL
005 20230906200700.0
007 t|
008 071011s1926 ag ||||1| spa d
100 1 _aVidela, Ricardo.
_9114551
245 1 0 _aMendoza y San Juan
_b: lo que son y lo que valen /
_cRicardo Videla.
260 _aBuenos Aires :
_bJacobo Peuser,
_c1926.
300 _a30 p. ;
_c26 cm.
852 _aES-MaACL
_j1754-F-9
999 _c142982
_d142982